| 000 | 00590nam a2200217Ii 4500 | ||
|---|---|---|---|
| 003 | JO-AjNU | ||
| 008 | 230606s9999||||xx |||||||||||||| ||und|| | ||
| 020 | _a978-0-19-921986-5 | ||
| 040 |
_aJO-AjNU _beng _erda _cJO-AjNU |
||
| 041 | _aeng | ||
| 050 | 1 | 4 | _aQA241.H28.2008 |
| 100 | 3 |
_aHardy/WRUGHT, _eauthor _94781 |
|
| 245 | 0 | 3 | _aAn Introduction t the Theory OF Numbers |
| 250 | _a6 ed | ||
| 264 | 3 | 1 | _aOXFORD,2008 |
| 300 | _a620p | ||
| 336 |
_atext _btxt _2rdacontent |
||
| 337 |
_aunmediated _bn _2rdamedia |
||
| 338 |
_avolume _bnc _2rdacarrier |
||
| 650 | 4 |
_aNumbers, Prime. _94782 |
|
| 999 |
_aE2476 _c2474 _d2474 |
||